| 000 | 00860nam a22001937a 4500 | ||
|---|---|---|---|
| 999 |
_c165735 _d165735 |
||
| 005 | 20230717113304.0 | ||
| 010 | _aUR-10266 | ||
| 020 |
_c450.00 _a9789388356503 |
||
| 035 | _aU-8821 | ||
| 037 | _bDBAD/PUB | ||
| 082 | _a840 | ||
| 100 | _a مر تبہين:سبين علی /سلمہ جيلا نی/نستر ن ا حسن فتحی | ||
| 245 |
_aد يد با ن :عا لمی ا د ب سے ا نتخا ب-2 / _cمر تبہين:سبين علی /سلمہ جيلا نی/نستر ن ا حسن فتحی |
||
| 246 |
_bDeedban:Almi Adab Se Intekhab-2 (Urdu) / _aed.by Sabeen Ali, Salma Jilani and Nastaran AhsanFatihi |
||
| 260 |
_aDelhi _bEducational Publishing House _c2018 ء |
||
| 270 |
_a3191،Vakil Street,Kucha Pandit,Lal Kuan, _bDelhi _e110006 _k23216162 _l00911123211540 |
||
| 300 |
_a431 ص _c22cm(pbk) |
||
| 942 |
_2ddc _cUR _h840 _mع ا ل |
||